000
00387nam a2200145Ia 4500
008
090124s9999 xx 000 0 und d
082
_b
203558
245
_a
हमारी संसद
250
_a
1
260
_b
काश्यप सुभाष
_c
1991
300
_a
187
630
_a
हमारी संसद
730
_a
हमारी संसद
942
_c
BOOK
999
_c
185139
_d
185139